Landlords hold their breadth (Record no. 76602)

MARC details
000 -LEADER
fixed length control field 00937cab a2200181 4500
001 - CONTROL NUMBER
control field ##L132751
008 - FIXED-LENGTH DATA ELEMENTS--GENERAL INFORMATION
fixed length control field 060306n2006 000 0 eng u
035 ## - SYSTEM CONTROL NUMBER
System control number (Sirsi) u132751
041 0# - LANGUAGE CODE
Language code of text/sound track or separate title eng
100 1# - MAIN ENTRY--PERSONAL NAME
Personal name Tinworth, Adam
245 00 - TITLE STATEMENT
Title Landlords hold their breadth
260 ## - PUBLICATION, DISTRIBUTION, ETC.
Date of publication, distribution, etc. 2006
490 #0 - SERIES STATEMENT
Series statement Estates Gazette
Volume/sequential designation (0608) 25 February 2006, 60-62(3)
520 ## - SUMMARY, ETC.
Summary, etc. Surveys the market's views on the likely effects of the smoking ban from summer 2007 on pub trade and pub property values. Considers both optimistic and pessimistic assessments from market players. Looks at ways pubs could adapt to the smoking ban and a scenario where smokers will increasingly buy their alcohol from shops and drink it at home rather than go out to a pub and not be able to smoke.
590 ## - LOCAL NOTE (RLIN)
Local note IKA140306
690 ## - LOCAL SUBJECT ADDED ENTRY--TOPICAL TERM (OCLC, RLIN)
Topical term or geographic name as entry element PROPERTY-COMMERCIAL PROPERTY-LEISURE PROPERTY-REFRESHMENT AND CULINARY PROPERTY-LICENSED PROPERTY-LICENSED PREMISES
942 ## - ADDED ENTRY ELEMENTS (KOHA)
Suppress in OPAC 0
Holdings
Withdrawn status Lost status Source of classification or shelving scheme Damaged status Not for loan Home library Current library Shelving location Date acquired Total Checkouts Full call number Barcode Date last seen Copy number Price effective from Koha item type
    Dewey Decimal Classification     London London Journal article 06/03/2006   L132751 132751-1001 06/08/2019 1 06/08/2019 Journal article